000 00697cab a2200205 4500
001 WB2436-38
008 090401t1988 xxu||||| |||| 00| 0 eng d
035 _a(Sirsi) u18079
041 _aeng
245 _aPINCs to be launched in 1989
260 _c1988
350 _a0
490 _aAccountancy Age
_v1/9/88 p6
520 _aIt is believed that Property Income Certificates look set to be introduced early next year with the news of Taylor Woodrow `s plans to issue them for its St Katharine`s Dock development close to the Tower of London .
650 _aSINGLE PROPERTY VEHICLES
650 _aUNITISATION
690 _aPROPERTY LAW AND PRACTICE
942 _n0
948 _c04/03/1997
999 _c11990
_d11990